[Event "Sardinia World Open A"]
[Site "Orosei ITA"]
[Date "2025.04.29"]
[Round "4.16"]
[White "Swara Lakshmi S Nair"]
[Black "Fromm, Marius"]
[Result "1/2-1/2"]
[WhiteTitle "WCM"]
[BlackTitle "IM"]
[WhiteElo "2216"]
[BlackElo "2436"]
[WhiteFideId "25629239"]
[BlackFideId "12993190"]
[EventDate "2025.04.27"]

1. e4 c5 2. Nf3 e6 3. d4 cxd4 4. Nxd4 Nf6 5. Nc3 Nc6 6. Ndb5 Bc5 7. Nd6+ Ke7 8.
Bf4 e5 9. Nf5+ Kf8 10. Bg5 d6 11. Bc4 Be6 12. Bb3 h6 13. Bxf6 Qxf6 14. Ne3 g6
15. Qd2 Kg7 16. O-O-O a5 17. Kb1 Nd4 18. Rhf1 b5 19. f4 exf4 20. Ned5 Qe5 21.
Nxf4 Nxb3 22. axb3 a4 23. Nd3 Qg5 24. Qxg5 hxg5 25. b4 Bb6 26. Nxb5 Rxh2 27. Rd2
d5 28. exd5 Bxd5 29. Ne5 Rd8 30. Rfd1 Be6 31. Rxd8 Bxd8 32. Nf3 Rh8 33. Nc3 Bf6
34. Nxa4 g4 35. Ne1 Rh1 36. Nc3 Bxc3 37. bxc3 Bc4 38. Kb2 Be2 39. Rc1 f5 40. Nd3
Rh2 41. Rg1 g5 42. b5 f4 43. Kb3 Kf6 44. b6 f3 45. gxf3 Bxf3 46. c4 Rh1 47. Rg3
Rb1+ 48. Kc3 Rxb6 49. Rg1 Kf5 50. c5 Rh6 51. Kd4 Rh1 52. Rxh1 Bxh1 53. Ke3 g3
54. Ke2 Bg2 55. Ne1 Be4 56. Kf1 Ke5 57. Nd3+ Kd4 58. Kg1 Bxd3 59. cxd3 Kxc5 60.
Kg2 Kd4 1/2-1/2

[Event "Sardinia World Open A"]
[Site "Orosei ITA"]
[Date "2025.04.29"]
[Round "4.17"]
[White "Maisuradze, Nino"]
[Black "Fataliyeva, Ulviyya"]
[Result "0-1"]
[WhiteTitle "WGM"]
[BlackTitle "IM"]
[WhiteElo "2189"]
[BlackElo "2387"]
[WhiteFideId "13601717"]
[BlackFideId "13403052"]
[EventDate "2025.04.27"]

1. d4 Nf6 2. c4 e6 3. Nc3 Bb4 4. Qc2 d5 5. a3 Bxc3+ 6. Qxc3 Ne4 7. Qc2 Nc6 8.
Nf3 O-O 9. g3 Qf6 10. Be3 Nd6 11. c5 Nf5 12. Qc3 Re8 13. Ne5 Nxe5 14. dxe5 Qd8
15. Rd1 b6 16. c6 a5 17. h4 Nxe3 18. Qxe3 Ba6 19. Qc3 Qe7 20. e3 Bxf1 21. Kxf1
Rf8 22. Kg2 f6 23. e4 Rad8 24. exd5 exd5 25. Rhe1 fxe5 26. Qxe5 Qc5 27. Qe6+ Kh8
28. Rd2 Rd6 29. Qe7 Rxc6 30. Qd7 0-1

[Event "Sardinia World Open A"]
[Site "Orosei ITA"]
[Date "2025.04.29"]
[Round "4.18"]
[White "Kanyamarala, Tarun"]
[Black "Maldonado Gonzales, Stefano"]
[Result "1-0"]
[WhiteTitle "IM"]
[WhiteElo "2386"]
[BlackElo "2228"]
[WhiteFideId "45004714"]
[BlackFideId "28540778"]
[EventDate "2025.04.27"]

1. c4 c5 2. Nf3 Nf6 3. g3 g6 4. Bg2 Bg7 5. O-O Nc6 6. Nc3 d6 7. d3 O-O 8. Bd2
Bd7 9. a3 a6 10. Rb1 Rb8 11. b4 cxb4 12. axb4 b5 13. cxb5 axb5 14. Qc1 Qc8 15.
Bh6 Bh3 16. Bxg7 Kxg7 17. Bxh3 Qxh3 18. Ne4 Nxe4 19. Qxc6 Nf6 20. Rfc1 Rfc8 21.
Qa6 Qd7 22. Rxc8 Qxc8 23. Qxc8 Rxc8 24. Nd4 Nd5 25. Kf1 Ra8 26. e4 Nc3 27. Rb3
Rc8 28. f4 e5 29. Nf3 f6 30. Ke1 Na4 31. Kd2 h6 32. f5 gxf5 33. Nh4 fxe4 34.
Nf5+ Kh7 35. Nxd6 Rd8 36. Nxe4 f5 37. Nc3 e4 38. Nxb5 Nb6 39. Ke2 Rd5 40. Nc7
Rd7 41. Ne6 Re7 42. Nc5 exd3+ 43. Kxd3 Ra7 44. Kd4 Ra2 45. Re3 Rd2+ 46. Nd3 Rxh2
47. Re7+ Kg8 48. Rb7 Na4 49. Ra7 Nb6 50. Rb7 Na4 51. Nf4 h5 52. Ke5 Nc3 53. Ne6
Ne4 54. Rg7+ Kh8 55. Kxf5 Nxg3+ 56. Kg6 Rc2 57. Nd8 1-0

[Event "Sardinia World Open A"]
[Site "Orosei ITA"]
[Date "2025.04.29"]
[Round "4.19"]
[White "Ibrayev, Nurlan"]
[Black "Grot, Blazej"]
[Result "1-0"]
[WhiteTitle "GM"]
[BlackTitle "CM"]
[WhiteElo "2367"]
[BlackElo "2206"]
[WhiteFideId "13700650"]
[BlackFideId "21835845"]
[EventDate "2025.04.27"]

1. e4 c5 2. Nc3 e6 3. Nf3 Nc6 4. Bb5 Nge7 5. O-O a6 6. Bxc6 Nxc6 7. d4 cxd4 8.
Nxd4 Be7 9. Nxc6 bxc6 10. e5 O-O 11. Ne4 c5 12. Re1 Bb7 13. Bf4 Rc8 14. Qh5 Bxe4
15. Rxe4 f6 16. Rd1 fxe5 17. Bxe5 Rf5 18. Qe2 Rc6 19. c4 Bf6 20. h3 a5 21. Bxf6
Rxf6 22. Re3 Qc7 23. g3 Rd6 24. Red3 Rxd3 25. Qxd3 Rf7 26. Qd6 Qb7 27. Qxc5 Qxb2
28. Rxd7 Rf8 29. Qd4 Qxd4 30. Rxd4 Rb8 31. Rd2 Rb1+ 32. Kg2 Rc1 33. Rd8+ Kf7 34.
Ra8 Rxc4 35. Rxa5 Rc2 36. h4 g6 37. a4 h5 38. Ra7+ Kf6 39. a5 Ra2 40. a6 e5 41.
Ra8 Kg7 42. Kf3 e4+ 43. Kxe4 Rxf2 44. Rb8 Ra2 45. Rb7+ Kf6 46. Rb6+ Kg7 47. Kd5
g5 48. Kc6 Kf6 49. Kb7+ Kf5 50. Rb5+ 1-0

[Event "Sardinia World Open A"]
[Site "Orosei ITA"]
[Date "2025.04.29"]
[Round "4.20"]
[White "Noy, Eyal"]
[Black "Floris, Federico"]
[Result "1-0"]
[WhiteTitle "FM"]
[WhiteElo "2346"]
[BlackElo "2096"]
[WhiteFideId "2821117"]
[BlackFideId "898287"]
[EventDate "2025.04.27"]

1. d4 d5 2. c4 e6 3. Nf3 Nf6 4. g3 Be7 5. Bg2 O-O 6. O-O dxc4 7. Qc2 b5 8. a4 b4
9. Nfd2 Nd5 10. Nxc4 c5 11. e4 Nb6 12. e5 Nd5 13. dxc5 Bxc5 14. Nbd2 Ba6 15. Ne4
Nd7 16. b3 Rc8 17. Bb2 N5b6 18. Rac1 Nxc4 19. bxc4 Be7 20. Rfd1 Rxc4 21. Qxc4
Bxc4 22. Rxc4 Qe8 23. a5 f5 24. Rc7 fxe4 25. Rdxd7 e3 26. f3 Qg6 27. Rxe7 Qb1+
28. Bc1 b3 29. Bh3 b2 30. Rxg7+ Kh8 31. Rxh7+ Qxh7 32. Rxh7+ Kxh7 33. Bxb2 Rb8
34. Bd4 Rb1+ 35. Kg2 e2 36. Bf2 e1=Q 37. Bxe1 Rxe1 38. f4 Ra1 39. Bxe6 Rxa5 40.
Kf3 Ra4 41. Bd7 Ra3+ 42. Ke4 Kg7 43. f5 Ra1 44. Kf4 Rd1 45. f6+ Kg6 46. Bf5+ Kf7
47. Kg5 Re1 48. e6+ Kg8 49. h4 a5 50. h5 a4 51. h6 a3 52. h7+ Kh8 53. f7 1-0

[Event "Sardinia World Open A"]
[Site "Orosei ITA"]
[Date "2025.04.29"]
[Round "4.21"]
[White "Adharsh K"]
[Black "Wecker, Martin"]
[Result "1/2-1/2"]
[WhiteTitle "FM"]
[WhiteElo "2317"]
[BlackElo "2035"]
[WhiteFideId "25718207"]
[BlackFideId "12931462"]
[EventDate "2025.04.27"]

1. e4 e5 2. Nf3 Nf6 3. d4 Nxe4 4. Bd3 d5 5. Nxe5 Nd7 6. Nc3 Nxe5 7. dxe5 Nxc3 8.
bxc3 Bc5 9. O-O O-O 10. Bf4 c6 11. Qe2 Re8 12. Kh1 Be6 13. Bg3 Be7 14. f4 f5 15.
Bf2 g6 16. h3 Rf8 17. a4 b6 18. Qf3 Qd7 19. Rfd1 Qc7 20. Rg1 Rf7 21. Bd4 Rd8 22.
Rae1 c5 23. Bf2 Rdf8 24. Be3 Qd7 25. Ra1 Qc7 26. Qf2 Rb8 27. Kh2 Bf8 28. Kh1 Be7
29. Be2 Bf8 30. Bf3 Rd7 31. Rad1 b5 32. axb5 Rxb5 33. g4 Kh8 34. Qg2 Qd8 35. Kh2
c4 36. Ra1 a5 37. Bf2 Rb2 38. Bd4 Bh6 39. gxf5 gxf5 40. Be3 Rg7 41. Qd2 Rxg1 42.
Bxg1 Rb5 43. Bf2 Bf8 44. Qe1 Be7 45. Qg1 Qg8 46. Qe1 Qd8 47. Ra2 Rb8 48. Qg1 Rb5
49. Ra1 Qg8 50. Bg3 Qd8 51. Qa7 Bh4 52. Rg1 Bxg3+ 53. Rxg3 Qd7 54. Qa6 Rc5 55.
Qb6 Rb5 56. Qa6 Rc5 57. Qb6 Rb5 58. Qa6 1/2-1/2

[Event "Sardinia World Open A"]
[Site "Orosei ITA"]
[Date "2025.04.29"]
[Round "4.22"]
[White "Akshat Sureka"]
[Black "Van der Lende, Ilias"]
[Result "0-1"]
[BlackTitle "IM"]
[WhiteElo "2009"]
[BlackElo "2410"]
[WhiteFideId "25774492"]
[BlackFideId "1019260"]
[EventDate "2025.04.27"]

1. Nf3 e6 2. b3 Nf6 3. Bb2 d5 4. e3 Bd6 5. c4 c6 6. Be2 Nbd7 7. d4 Ne4 8. O-O
O-O 9. Nbd2 f5 10. Ne5 a5 11. Nxe4 fxe4 12. f4 exf3 13. Rxf3 Rxf3 14. Nxf3 Qf6
15. Bd3 a4 16. Qc2 axb3 17. axb3 Rxa1+ 18. Bxa1 Qh6 19. Qe2 Nf6 20. Ne5 Bxe5 21.
dxe5 Ng4 22. h3 Nxe3 23. Bd4 Nf5 24. Bxf5 Qc1+ 25. Qf1 Qxf1+ 26. Kxf1 exf5 27.
cxd5 cxd5 28. Ke2 g5 29. h4 h6 30. hxg5 hxg5 31. g3 Kf7 32. Kf3 Kg6 33. Bb6 Kh5
34. b4 Bd7 35. Bc5 Ba4 36. e6 Bd1+ 37. Ke3 Kg4 38. Bd6 Ba4 39. Kd4 Bc6 40. Ke3
Be8 41. Kd4 f4 42. gxf4 gxf4 43. Kxd5 f3 44. Bc5 Kg3 45. Kd6 b5 46. Ke7 Bh5 0-1

[Event "Sardinia World Open A"]
[Site "Orosei ITA"]
[Date "2025.04.29"]
[Round "4.23"]
[White "Marzano, Carlo"]
[Black "Brunello, Marina"]
[Result "1-0"]
[BlackTitle "IM"]
[WhiteElo "2131"]
[BlackElo "2325"]
[WhiteFideId "802980"]
[BlackFideId "822590"]
[EventDate "2025.04.27"]

1. d4 Nf6 2. c4 e6 3. Nc3 Bb4 4. e3 O-O 5. Bd2 b6 6. Nf3 d5 7. cxd5 exd5 8. Rc1
c5 9. Bd3 c4 10. Bb1 Bxc3 11. Bxc3 Bg4 12. b3 b5 13. bxc4 bxc4 14. Qa4 Bxf3 15.
gxf3 Re8 16. Kd2 Nbd7 17. Rcg1 Nb6 18. Qa5 Qd7 19. Bc2 Qh3 20. Rg3 Qh4 21. Rhg1
Nh5 22. R3g2 g6 23. Kc1 Nf6 24. Qa3 Qh3 25. Bd1 Qd7 26. Kd2 Rab8 27. Bc2 Rb7 28.
h4 Qh3 29. Rg3 Qxh4 30. Qc1 Qh6 31. Rh1 Qf8 32. a4 Qd6 33. a5 Nbd7 34. Qg1 Nf8
35. Qh2 Qe7 36. Qh4 Ne6 37. e4 Ng7 38. e5 Nfh5 39. Qh2 Kf8 40. Rh3 Ne6 41. Rxh5
gxh5 42. f4 Ng7 43. f5 Nxf5 44. Qxh5 Ng7 45. Qf3 Qg5+ 46. Kd1 Rd8 47. Bd2 Qe7
48. Rxh7 Kg8 49. Bh6 f5 50. exf6 1-0

[Event "Sardinia World Open A"]
[Site "Orosei ITA"]
[Date "2025.04.29"]
[Round "4.24"]
[White "Orman, Attila"]
[Black "Dalaud, Dorian"]
[Result "0-1"]
[BlackTitle "FM"]
[WhiteElo "2074"]
[BlackElo "2303"]
[WhiteFideId "13456458"]
[BlackFideId "36093270"]
[EventDate "2025.04.27"]

1. e4 c5 2. Nf3 Nc6 3. d4 cxd4 4. Nxd4 e5 5. Nb5 d6 6. N1c3 a6 7. Na3 Be6 8. Nd5
Bxd5 9. exd5 Nce7 10. c4 Nf6 11. Be2 g6 12. O-O Bg7 13. Qb3 Qd7 14. Be3 O-O 15.
Rfd1 Nf5 16. c5 Nd4 17. Bxd4 exd4 18. Nc4 Rae8 19. Bf3 dxc5 20. Nb6 Qe7 21. Rac1
Bh6 22. Rb1 Bf4 23. g3 Bc7 24. Rbc1 Qd8 25. Na4 b6 26. Qd3 a5 27. Qb3 Re5 28.
Re1 Rfe8 29. Rxe5 Rxe5 30. Bg2 Qe8 31. Kf1 d3 32. Qc3 Qxa4 33. f4 Re3 34. b3
Qxa2 35. Qxf6 Re2 36. Bf3 Rxh2 37. d6 Qf2# 0-1

[Event "Sardinia World Open A"]
[Site "Orosei ITA"]
[Date "2025.04.29"]
[Round "4.25"]
[White "Romanishin, Oleg M"]
[Black "Rosh, Jain"]
[Result "0-1"]
[WhiteTitle "GM"]
[BlackTitle "FM"]
[WhiteElo "2291"]
[BlackElo "2150"]
[WhiteFideId "14100088"]
[BlackFideId "25789465"]
[EventDate "2025.04.27"]

1. Nf3 Nf6 2. g3 c5 3. Bg2 Nc6 4. c4 d5 5. cxd5 Nxd5 6. Nc3 Nc7 7. O-O e5 8. a3
Rb8 9. d3 Be7 10. Nd2 Bd7 11. Nc4 b5 12. Ne3 O-O 13. Ncd5 Nxd5 14. Nxd5 Bd6 15.
Bd2 a5 16. b3 f5 17. e3 Be6 18. Rb1 Qd7 19. Qc2 Kh8 20. Rfc1 f4 21. Nc3 Bh3 22.
Bh1 fxe3 23. fxe3 c4 24. bxc4 Bxa3 25. Re1 Nb4 26. Rxb4 Qf5 0-1

[Event "Sardinia World Open A"]
[Site "Orosei ITA"]
[Date "2025.04.29"]
[Round "4.26"]
[White "Solomon, Kenny"]
[Black "Fulgentini, Edoardo"]
[Result "0-1"]
[WhiteTitle "GM"]
[WhiteElo "2272"]
[BlackElo "2113"]
[WhiteFideId "14300192"]
[BlackFideId "28557050"]
[EventDate "2025.04.27"]

1. e4 c6 2. d4 d5 3. e5 c5 4. dxc5 e6 5. a3 Bxc5 6. Nf3 Nd7 7. Bd3 Ne7 8. b4 Bb6
9. Bb2 a5 10. Nc3 Nc6 11. Nb5 O-O 12. Bc3 f6 13. exf6 Nxf6 14. O-O Ng4 15. Be2
e5 16. Be1 Bf5 17. bxa5 Bxa5 18. h3 Nf6 19. Bxa5 Rxa5 20. Nd2 Ra8 21. c3 Qe7 22.
Re1 Rad8 23. a4 Qf7 24. c4 Qg6 25. Qb3 Kh8 26. Qg3 Qxg3 27. fxg3 Nb4 28. g4 Bg6
29. g5 Ne4 30. Nxe4 Bxe4 31. Bd1 Nd3 32. Re3 Nf4 33. cxd5 Bxd5 34. Bg4 Bxg2 35.
Ra2 Bd5 36. Rd2 e4 37. Nc3 Bc6 38. Rxd8 Rxd8 39. Kf2 Nd3+ 40. Kg3 Nc5 41. h4 g6
42. Bd1 Kg7 43. Bc2 Rd4 44. a5 Kf7 45. Bb1 Ke6 46. Kf4 Kd6 47. Rh3 Ne6+ 48. Ke3
Rc4 49. Kd2 Ke5 50. Re3 Rd4+ 51. Ke1 Nf4 52. Rg3 Rb4 53. Bc2 Ne6 54. Bd1 Rb2 55.
h5 Nf4 56. h6 Nd3+ 57. Kf1 Kd4 58. Ne2+ Kc4 59. Ng1 Rf2# 0-1

[Event "Sardinia World Open A"]
[Site "Orosei ITA"]
[Date "2025.04.29"]
[Round "4.27"]
[White "Federer, Colin"]
[Black "Shvedova, Alexandra"]
[Result "1-0"]
[BlackTitle "WFM"]
[WhiteElo "2103"]
[BlackElo "2266"]
[WhiteFideId "1345117"]
[BlackFideId "54154782"]
[EventDate "2025.04.27"]

1. e4 e5 2. Nf3 Nc6 3. Bc4 Bc5 4. d3 Nf6 5. Bg5 d6 6. c3 h6 7. Bh4 a6 8. Nbd2
Qe7 9. O-O Ba7 10. a4 g5 11. Bg3 Nd7 12. d4 Nf8 13. Bd5 Ng6 14. Nc4 Bg4 15. Ne3
Bd7 16. b4 h5 17. Nf5 Qf6 18. h4 gxh4 19. N3xh4 Nf4 20. Bxf4 exf4 21. Re1 Bxf5
22. Nxf5 Nd8 23. Qf3 Qg5 24. b5 a5 25. e5 Qxf5 26. exd6+ Kf8 27. dxc7 Ne6 28.
Bxb7 Ng5 29. Qc6 Kg7 30. Re5 Qg4 31. Rxg5+ Qxg5 32. Bxa8 f3 33. Qxf3 Bb6 34. Qc6
Bxc7 35. Qxc7 Rxa8 36. b6 Re8 37. b7 1-0

[Event "Sardinia World Open A"]
[Site "Orosei ITA"]
[Date "2025.04.29"]
[Round "4.28"]
[White "Deboushnik De"]
[Black "Kienboeck, Benjamin"]
[Result "1-0"]
[BlackTitle "FM"]
[WhiteElo "2038"]
[BlackElo "2240"]
[WhiteFideId "25768778"]
[BlackFideId "1649353"]
[EventDate "2025.04.27"]

1. d4 Nf6 2. Bg5 d5 3. Nd2 Bf5 4. e3 e6 5. Bd3 h6 6. Bh4 Be7 7. Bxf5 exf5 8. Ne2
O-O 9. O-O Nbd7 10. c4 dxc4 11. Nxc4 Ne4 12. Bxe7 Qxe7 13. Qc2 Rac8 14. Rad1 g6
15. Qb3 b6 16. f3 Nef6 17. Rfe1 Rfe8 18. Nc3 a6 19. a4 a5 20. e4 fxe4 21. fxe4
Qb4 22. Qa2 c5 23. Nd6 cxd4 24. Qxf7+ Kh8 25. Nxe8 Rxe8 26. Nd5 1-0

[Event "Sardinia World Open A"]
[Site "Orosei ITA"]
[Date "2025.04.29"]
[Round "4.29"]
[White "Advaitt Srikant Koduri"]
[Black "Kanyamarala, Trisha"]
[Result "1-0"]
[BlackTitle "WIM"]
[WhiteElo "2017"]
[BlackElo "2185"]
[WhiteFideId "25185454"]
[BlackFideId "45004722"]
[EventDate "2025.04.27"]

1. d4 Nf6 2. Nf3 b6 3. Bf4 Bb7 4. e3 e6 5. Nbd2 c5 6. c3 Be7 7. h3 O-O 8. Bd3 d6
9. Qe2 Nc6 10. O-O Qc7 11. Bh2 Rad8 12. e4 e5 13. d5 Nb8 14. a4 a6 15. Ne1 Nfd7
16. c4 a5 17. Ra3 Bg5 18. Bb1 Ba6 19. Rc3 Rfe8 20. b3 Nf8 21. Ndf3 Be7 22. Qd2
Bc8 23. Kh1 h6 24. Ng1 Ng6 25. g3 Bf6 26. Ng2 Nd7 27. Qe2 Ndf8 28. h4 Bd7 29.
Ne3 Qc8 30. Rcc1 Ne7 31. Qf3 Nh7 32. Nf5 Nxf5 33. exf5 e4 34. Bxe4 Bb2 35. Rce1
Nf6 36. Bc2 h5 37. Qf4 Be5 38. Qf3 Ng4 39. Nh3 Bd4 40. Qf4 Be5 41. Qg5 Nf6 42.
Re2 Bd4 43. Nf4 Rxe2 44. Nxe2 Re8 45. Nf4 Re5 46. Nxh5 Nxh5 47. Qxh5 Bxf5 48.
Bxf5 Rxf5 49. Qg4 g6 50. f4 Qe8 51. Qf3 Rh5 52. Bg1 Bf6 53. Bf2 Qd7 54. Kg2 Rh8
55. Re1 Kg7 56. Re4 Re8 57. Rxe8 Qxe8 58. g4 Qe7 59. Kh3 Bd4 60. Bg3 Kg8 61. f5
Kg7 62. fxg6 fxg6 63. Kg2 Bf6 64. Kh3 Be5 65. Qe4 Qf6 66. Bxe5 dxe5 67. Kg2 Qxh4
68. Qxe5+ Kg8 69. Qe6+ Kg7 70. Qe5+ Kg8 71. Qe4 Qg5 72. Kg3 Kg7 73. d6 Qd2 74.
Qe5+ Kh7 75. Qe7+ Kh6 76. Qf8+ Kh7 77. Qf7+ Kh8 78. Qxg6 Qe1+ 79. Kf4 Qd2+ 80.
Ke5 Qe3+ 81. Kf6 Qf4+ 82. Ke6 1-0

[Event "Sardinia World Open A"]
[Site "Orosei ITA"]
[Date "2025.04.29"]
[Round "4.30"]
[White "Di Stasio, Giuseppe Danilo"]
[Black "Balinski, Damian"]
[Result "0-1"]
[WhiteElo "1963"]
[BlackElo "2183"]
[WhiteFideId "849928"]
[BlackFideId "1120913"]
[EventDate "2025.04.27"]

1. d4 Nf6 2. c4 c5 3. d5 b5 4. cxb5 a6 5. Nc3 axb5 6. Nxb5 Ba6 7. Nc3 g6 8. Nf3
d6 9. e4 Bxf1 10. Kxf1 Bg7 11. g3 O-O 12. Kg2 Qb6 13. Re1 Nbd7 14. Qe2 Rfb8 15.
a4 Ne8 16. Ra3 Nc7 17. Nd2 Qa6 18. f4 Qxe2+ 19. Rxe2 Rb4 20. a5 h5 21. Nf3 Nb5
22. Nxb5 Rxb5 23. a6 Rb6 24. e5 Rbxa6 25. exd6 exd6 26. Re7 Rxa3 27. bxa3 Nb6
28. Ng5 Nxd5 29. Rd7 Bf8 30. Nxf7 Nb6 31. Rb7 Nc4 32. Kf3 d5 33. f5 gxf5 34. Kf4
d4 35. Rd7 d3 36. Ne5 d2 37. Bxd2 Nxd2 38. Kxf5 Nf1 39. Kg5 Nxh2 40. Kxh5 Rxa3
41. g4 Re3 42. Rd5 Kh7 43. Rd7+ Bg7 44. Nf7 Rh3+ 45. Kg5 c4 46. Nd8 Rd3 47. Rc7
Rxd8 48. Rxc4 Rd5+ 49. Kh4 Rd4 50. Rc5 Nxg4 51. Rh5+ Nh6+ 52. Kg3 Kg6 53. Rc5
Nf5+ 54. Kf3 Kg5 55. Ra5 Bf8 56. Ra8 Rf4+ 57. Ke2 Kg4 58. Kd3 Bd6 59. Rg8+ Kf3
60. Re8 Rd4+ 61. Kc3 Bb4+ 62. Kb3 Ne3 63. Rb8 Nd5 64. Re8 Be7 65. Rh8 Ke4 66.
Rh1 Rb4+ 67. Kc2 Bf6 68. Rh3 Ne3+ 69. Kd2 Rb2+ 70. Kc1 Ra2 71. Rh7 Bc3 72. Re7+
Kd3 73. Rd7+ Bd4 74. Rb7 Nc4 75. Rb3+ Bc3 76. Rb8 Rc2+ 0-1

[Event "Sardinia World Open A"]
[Site "Orosei ITA"]
[Date "2025.04.29"]
[Round "4.31"]
[White "Verga, Francesco"]
[Black "Gut, Lionel"]
[Result "1-0"]
[WhiteElo "1982"]
[BlackElo "2177"]
[WhiteFideId "28500598"]
[BlackFideId "1339966"]
[EventDate "2025.04.27"]

1. e4 c5 2. Nf3 d6 3. d4 cxd4 4. Nxd4 Nf6 5. Nc3 a6 6. Bg5 Nbd7 7. Bc4 Qb6 8.
Bb3 e6 9. Bxf6 Nxf6 10. Qd2 Be7 11. O-O-O Nd7 12. f4 Nc5 13. Rhe1 Bd7 14. Kb1
Qc7 15. Nf5 g6 16. Nxd6+ Bxd6 17. Qxd6 Qxd6 18. Rxd6 Ke7 19. Rd4 b5 20. g3 h5
21. h4 Rhb8 22. Nd1 a5 23. c3 b4 24. cxb4 axb4 25. Ne3 Ra7 26. Rc1 Nxb3 27. axb3
Bb5 28. Rc5 Be2 29. Nc4 Bxc4 30. bxc4 Rab7 31. Kc2 b3+ 32. Kc3 f6 33. Rc6 Rd7
34. Rxd7+ Kxd7 35. Ra6 g5 36. fxg5 fxg5 37. hxg5 Rg8 38. Ra5 Rf8 39. g6 Rf3+ 40.
Kb4 Rxg3 41. Rxh5 Kc6 42. Rc5+ Kd6 43. e5+ Kd7 44. Rb5 Rxg6 45. Kxb3 Kc6 46. Kb4
Rg2 47. b3 Re2 48. Ra5 Kb6 49. c5+ Kc6 50. Ra6+ Kd5 51. Kb5 Kxe5 52. b4 Rb2 53.
Ra8 Kd4 54. c6 Kc3 55. Ra3+ Kd4 56. c7 Rc2 57. Kb6 e5 58. Kb7 e4 59. c8=Q Rxc8
60. Kxc8 1-0

[Event "Sardinia World Open A"]
[Site "Orosei ITA"]
[Date "2025.04.29"]
[Round "4.32"]
[White "Sitbon, Itay"]
[Black "Costantino, Claudio Emanuele"]
[Result "1-0"]
[WhiteElo "2177"]
[BlackElo "2096"]
[WhiteFideId "2820706"]
[BlackFideId "28505697"]
[EventDate "2025.04.27"]

1. d4 d5 2. c4 e6 3. Nf3 Nf6 4. g3 Be7 5. Bg2 O-O 6. O-O dxc4 7. Qc2 a6 8. a4
Bd7 9. Rd1 Bc6 10. Nc3 Nbd7 11. e4 b5 12. d5 exd5 13. e5 Ng4 14. Qf5 d4 15. Ng5
g6 16. Qxg4 Nxe5 17. Qxd4 Qxd4 18. Rxd4 Bxg2 19. Kxg2 Nd3 20. Nd5 Bd6 21. Nf3
Rfd8 22. Bh6 Bf8 23. Bg5 Rdc8 24. b3 Bg7 25. Ne7+ Kf8 26. Nxc8 Bxd4 27. Nxd4
Rxc8 28. axb5 axb5 29. bxc4 bxc4 30. Ra4 Nb2 31. Ra2 Nd3 32. Nc6 Re8 33. Bf6 h5
34. h4 Ne1+ 35. Kf1 Nd3 36. Ra4 Re6 37. Ra8+ Re8 38. Be7+ 1-0

[Event "Sardinia World Open A"]
[Site "Orosei ITA"]
[Date "2025.04.29"]
[Round "4.33"]
[White "Cedriano, Mattia"]
[Black "Ypma, Peter"]
[Result "0-1"]
[BlackTitle "FM"]
[WhiteElo "2067"]
[BlackElo "2288"]
[WhiteFideId "28540808"]
[BlackFideId "1027255"]
[EventDate "2025.04.27"]

1. e4 g6 2. d4 Bg7 3. Nf3 d6 4. Nc3 a6 5. Be3 b5 6. Qd2 Bb7 7. a3 Nf6 8. Bd3
Nbd7 9. h3 O-O 10. Bh6 c5 11. Bxg7 Kxg7 12. e5 Ne8 13. Be4 Bxe4 14. Nxe4 cxd4
15. e6 fxe6 16. Nxd4 Nc7 17. Qc3 Kg8 18. O-O-O Ne5 19. Rhe1 a5 20. Ng5 Rf6 21.
Qb3 a4 22. Qa2 Nc4 23. Nxb5 d5 24. Nxc7 Qxc7 25. Nxe6 Qa5 26. Re4 Rc8 27. Re5
Qb6 28. Nd4 0-1

[Event "Sardinia World Open A"]
[Site "Orosei ITA"]
[Date "2025.04.29"]
[Round "4.34"]
[White "Blom, Vincent"]
[Black "Petcu, Gabriel"]
[Result "1-0"]
[WhiteTitle "FM"]
[WhiteElo "2274"]
[BlackElo "2063"]
[WhiteFideId "1014358"]
[BlackFideId "28548485"]
[EventDate "2025.04.27"]

1. d4 Nf6 2. Nf3 e6 3. Bf4 b6 4. e3 Bb7 5. Nbd2 g6 6. Bd3 Bg7 7. e4 d5 8. e5 Ne4
9. Qe2 Nxd2 10. Qxd2 h6 11. h4 Qe7 12. h5 gxh5 13. Rxh5 Qf8 14. O-O-O Nc6 15.
Bb5 O-O-O 16. Bxc6 Bxc6 17. Rdh1 Qg8 18. g3 Bf8 19. Bxh6 Qg6 20. R5h2 Be7 21.
Bg5 Rxh2 22. Rxh2 Bxg5 23. Nxg5 Rg8 24. f4 f6 25. exf6 Qxf6 26. Qe3 Bd7 27. Qe5
Qg6 28. Rh7 a5 29. a4 Rd8 30. b3 Rg8 31. Kd2 Rd8 32. Kc1 Rg8 33. Kb2 Rd8 34. Re7
Rg8 35. Nxe6 1-0

[Event "Sardinia World Open A"]
[Site "Orosei ITA"]
[Date "2025.04.29"]
[Round "4.35"]
[White "Rubinshtein, Kamilla"]
[Black "Sarabando, Rodrigo Andias"]
[Result "0-1"]
[WhiteElo "2058"]
[BlackElo "2211"]
[WhiteFideId "2838708"]
[BlackFideId "1950010"]
[EventDate "2025.04.27"]

1. e4 c5 2. Nf3 e6 3. d4 cxd4 4. Nxd4 a6 5. Nc3 b5 6. Be3 Bb7 7. f3 Qc7 8. a3
Nf6 9. Qd2 Nc6 10. Be2 Rc8 11. Nxc6 Bxc6 12. Bd4 Bd6 13. Bb6 Qb8 14. Ba7 Qc7 15.
Bb6 Bf4 16. Bxc7 Bxd2+ 17. Kxd2 Rxc7 18. e5 Ng8 19. a4 b4 20. Nd1 a5 21. Ne3 Ke7
22. Nc4 Ra7 23. Nd6 Nh6 24. Rhd1 f6 25. Nc4 Nf7 26. f4 Bd5 27. exf6+ gxf6 28.
Ne3 Be4 29. Bd3 Bc6 30. Re1 Kd6 31. Ke2 Kc7 32. Kf2 Raa8 33. b3 h5 34. Rac1 d5
35. Bb5 Nd6 36. Kg1 Ne4 37. Bd3 Nc3 38. Nd1 Kd6 39. Nxc3 bxc3 40. Rcd1 e5 41.
Bf5 d4 42. fxe5+ fxe5 43. Re3 Bd5 44. Rg3 Rag8 45. Rxg8 Rxg8 46. g3 h4 47. Kf2
Rf8 48. g4 Be4 49. Ke2 Bxf5 50. gxf5 Rxf5 51. Rg1 Kc5 52. Rg8 Kb4 53. Rb8+ Ka3
54. b4 Kb2 55. bxa5+ Kxc2 56. Rd8 Rf6 57. Rd5 Ra6 58. h3 Ra7 59. a6 Rxa6 60. a5
Ra7 0-1

[Event "Sardinia World Open A"]
[Site "Orosei ITA"]
[Date "2025.04.29"]
[Round "4.36"]
[White "Karanikolas, Dimitrios"]
[Black "Gagliardi, Cristian"]
[Result "1-0"]
[WhiteElo "2054"]
[BlackElo "2165"]
[WhiteFideId "4202589"]
[BlackFideId "810665"]
[EventDate "2025.04.27"]

1. Nf3 g6 2. c4 Bg7 3. Nc3 d6 4. e4 c6 5. d4 Nd7 6. Be2 Qc7 7. Be3 Ngf6 8. h3
O-O 9. O-O e5 10. dxe5 dxe5 11. Qd2 Re8 12. Rfd1 a5 13. Rac1 Bf8 14. Bg5 a4 15.
Nh2 Bb4 16. Bf3 h5 17. Qe2 Nh7 18. Bh6 Be7 19. Qe3 Bf8 20. Bxf8 Ndxf8 21. Qh6
Qe7 22. Ne2 Qg5 23. Qxg5 Nxg5 24. Kf1 Nge6 25. Ke1 Nc5 26. h4 Be6 27. Kd2 Nfd7
28. Nf1 b5 29. cxb5 cxb5 30. Nc3 b4 31. Nd5 Bxd5 32. exd5 e4 33. Be2 a3 34. b3
e3+ 35. Nxe3 Ne4+ 36. Ke1 f5 37. Bb5 Rad8 38. Rc7 Nef6 39. g3 Re4 40. Bd3 Re5
41. Kf1 Kf8 42. Bc4 Ne4 43. Nc2 Nc3 44. Ra1 Nxd5 45. Bxd5 Rxd5 46. Nxb4 Rd2 47.
Rc2 Ne5 48. Rac1 Nf3 49. Rxd2 Rxd2 50. Rc2 Rd4 51. Rc8+ Kg7 52. Nc2 Rd2 53. Rc3
Ne5 54. b4 Nd3 55. b5 Rxf2+ 56. Kg1 Rd2 57. b6 Rd1+ 58. Kg2 Rb1 59. Rxd3 Rxb6
60. Rxa3 Rb2 61. Rc3 Rxa2 62. Kf3 Kf6 63. Rc6+ Ke5 64. Ne3 1-0